| 000 | 00931aam a2200325a 44500 | ||
|---|---|---|---|
| 008 | 020411s2001 cat | ||
| 041 | _acat | ||
| 080 | _a025.43 | ||
| 110 |
_aUniversitat de Barcelona. Servei de Llengua Catalana. Àrea de Documentació _970707 |
||
| 245 | _aTesaurus alfabètic | ||
| 245 | _cUniversitat de Barcelona. Servei de Llengua Catalana. Àrea de Documentació. | ||
| 260 | _a[Barcelona] | ||
| 260 | _bUniversitat de Barcelona. Servei de Llengua Catalana | ||
| 260 | _c2001 | ||
| 300 |
_a[117]p. _c30 cm |
||
| 500 | _aArbre de camp, remissions | ||
| 500 | _aDocument intern | ||
| 520 | _aaprox. 1.750 | ||
| 591 | _a7462 | ||
| 592 | _aObra terminològica | ||
| 593 | _aTP | ||
| 594 | _a7462 | ||
| 650 |
_atesaurus _960661 |
||
| 901 | _c[<2001>] | ||
| 902 | _a020411 | ||
| 942 |
_cMO _n0 |
||
| 999 |
_c61163 _d61163 |
||